000 00466nam a2200157Ia 4500
008 220214s9999 xx 000 0 und d
100 _aKomori Yoshihiko
245 0 _aDirect intercalation of poly(vinylpyrrolidone)into kaolinite by a refined guest displacement method
260 _bChemistry of Materials
_c1999
300 _a6-Mar
650 _aIntercalation
650 _aKaolinite
700 _aKuroda Kazuyuki
700 _aSugahara Yoshiyuki
942 _cRE
999 _c45480
_d45480